| 000 | 00892nam a2200229 4500 | ||
|---|---|---|---|
| 001 | 114177 | ||
| 003 | ES-MaACL | ||
| 005 | 20230906190107.0 | ||
| 007 | t| | ||
| 008 | 061121s1964 sp r ||||1| cat d | ||
| 245 | 0 | 0 |
_aNostres faulelles _b: contes, narracions, estudis. |
| 260 |
_aValencia : _b[s.n.], _c1964 ( _fImp. Noguera) |
||
| 300 |
_a48 p. ; _c16 cm. |
||
| 505 | 8 | _aContiene: Entre canyes per Robert Villa i Olcina. Simonet el revolucionari per Beatriu Civera. On naix el reialme de Valencia per Nicolau Primitiu | |
| 700 | 1 |
_aVilla i Olcina, Robert. _tEntre canyes. _9114885 |
|
| 700 | 1 |
_aCivera, Beatriu. _tSimonet el revolucionari. _938953 |
|
| 700 | 1 |
_aPrimitiu, Nicolau. _tOn naix el reialme de Valencia. _993968 |
|
| 740 | 0 | _aEntre canyes. | |
| 740 | 0 | _aSimonet el revolucionari. | |
| 740 | 0 | _aOn naix el reialme de Valencia. | |
| 852 |
_aES-MaACL _j2051-F-21 _bR.57907 |
||
| 999 |
_c114177 _d114177 |
||